00242nam a2200097Ia 4500001000800000005001700008008004100025020001800066245003600084260002400120126222020260417140407.0260417s9999 xx 000 0 und d a9786050824247 0aKayıp SırcOkay Tiryakioğlu bTimaş Yayınları